Vantaan 20 suurinta kaupunginosaa kartalla - Statistics

Yleistilastot
  • Tätä visaa on pelattu 71 kertaa
  • Keskiarvotulos 11 / 20
Vastaukset kartalla
Vastauksille on annettu kartalla punavihreä väri sen mukaan, kuinka moni on saanut sen oikein.
 
Vastaustilastot
Kaupunginosa Väkiluku % Oikein
Tikkurila 8815
92%
Myyrmäki 18393
88%
Korso 7368
86%
Hakunila 12435
73%
Kivistö 11125
73%
Martinlaakso 13992
73%
Koivukylä 5702
68%
Hiekkaharju 5333
59%
Pakkala 10160
53%
Viertola 7974
53%
Ylästö 5509
51%
Jokiniemi 6363
47%
Ilola 4923
46%
Länsimäki 5865
44%
Simonkylä 8191
44%
Asola 5522
41%
Kaivoksela 5963
41%
Hämeenkylä 8437
39%
Havukoski 8581
34%
Metsola 6144
29%
Ehtoja vastaavia visoja ei löytynyt
Tulosjakauma
Jokaisen tuloksen saaneiden osuus
Persentiili vastausten määrän mukaan
Tuloshistoriasi
Et ole pelannut tätä visaa